| 000 | 00516nam a2200217Ia 4500 | ||
|---|---|---|---|
| 003 | 0100 | ||
| 008 | 130227s9999 xx 000 0 und d | ||
| 040 | _cARRUPELIB | ||
| 050 | _aBL2747.3.S588 2003 | ||
| 100 | _aSmart, John Jamieson Carswell | ||
| 245 | _aAtheism and theism | ||
| 250 | _asecond edtion | ||
| 260 | _aHong Kong | ||
| 260 | _bBlackwell Publishing | ||
| 260 | _C2003 | ||
| 300 | _axiii | ||
| 300 | _b 270p. 24cm. | ||
| 650 | _bWitchcraft | ||
| 700 | _aHaldane, John J. | ||
| 942 |
_2lcc _08 |
||
| 999 |
_c4128 _d4128 |
||